The message of Ezekiel : (Record no. 21247)

MARC details
000 -LEADER
fixed length control field 01392cam a22003614a 4500
001 - CONTROL NUMBER
control field 12356302
003 - CONTROL NUMBER IDENTIFIER
control field OSt
005 - DATE AND TIME OF LATEST TRANSACTION
control field 20260213170905.0
008 - FIXED-LENGTH DATA ELEMENTS--GENERAL INFORMATION
fixed length control field 010323s2001 enkab b 000 0 eng
010 ## - LIBRARY OF CONGRESS CONTROL NUMBER
LC control number 2001024421
020 ## - INTERNATIONAL STANDARD BOOK NUMBER
International Standard Book Number 0830824251
Qualifying information pbk. : alk. paper
020 ## - INTERNATIONAL STANDARD BOOK NUMBER
International Standard Book Number 9780830824250
Qualifying information (pbk. : alk. paper)
035 ## - SYSTEM CONTROL NUMBER
System control number 12356302
040 ## - CATALOGING SOURCE
Original cataloging agency DLC
Transcribing agency DLC
Modifying agency DLC
042 ## - AUTHENTICATION CODE
Authentication code pcc
050 00 - LIBRARY OF CONGRESS CALL NUMBER
Classification number BS1545.53
Item number .W75 2001
082 00 - DEWEY DECIMAL CLASSIFICATION NUMBER
Classification number 224/.407
Edition number 21
100 1# - MAIN ENTRY--PERSONAL NAME
Personal name Wright, Christopher J. H.,
Dates associated with a name 1947-
245 14 - TITLE STATEMENT
Title The message of Ezekiel :
Remainder of title a new heart and a new spirit /
Statement of responsibility, etc. Christopher J.H. Wright.
260 ## - PUBLICATION, DISTRIBUTION, ETC. (IMPRINT)
Place of publication, distribution, etc. Leicester, England ;
-- Downers Grove, Ill. :
Name of publisher, distributor, etc. InterVarsity Press,
Date of publication, distribution, etc. c2001.
300 ## - PHYSICAL DESCRIPTION
Extent 368 p. :
Other physical details ill., map ;
Dimensions 21 cm.
336 ## - CONTENT TYPE
Content type term text
Content type code txt
Source rdacontent
337 ## - MEDIA TYPE
Media type term unmediated
Media type code n
Source rdamedia
338 ## - CARRIER TYPE
Carrier type term volume
Carrier type code nc
Source rdacarrier
440 #4 - SERIES STATEMENT/ADDED ENTRY--TITLE
Title The Bible speaks today
504 ## - BIBLIOGRAPHY, ETC. NOTE
Bibliography, etc Includes bibliographical references.
630 00 - SUBJECT ADDED ENTRY--UNIFORM TITLE
Uniform title Bible.
Name of part/section of a work Ezekiel
Form subdivision Commentaries.
655 #7 - INDEX TERM--GENRE/FORM
Genre/form data or focus term Commentaries.
Source of term lcgft
Authority record control number https://id.loc.gov/authorities/genreForms/gf2025026014
906 ## - LOCAL DATA ELEMENT F, LDF (RLIN)
a 7
b cbc
c orignew
d 1
e ocip
f 20
g y-gencatlg
942 ## - ADDED ENTRY ELEMENTS (KOHA)
Source of classification or shelving scheme Library of Congress Classification
Koha item type General Collection
Holdings
Withdrawn status Lost status Source of classification or shelving scheme Not for loan Home library Current library Shelving location Date acquired Source of acquisition Inventory number Total Checkouts Full call number Barcode Date last seen Copy number Price effective from Koha item type
    Library of Congress Classification   Kabarak, Main Campus Kabarak, Main Campus General Stacks 13/02/2026 Donation 2025/2292   BS1545.53 .W75 2001 C.1 39146 13/02/2026 C.1 13/02/2026 General Collection
Designed with assistance from East African Informatics Ltd